[Event "Challenge"]
[Site "http://www.queenalice.com/game.php?id=463129"]
[Date "2008.9.14"]
[Round "-"]
[White "darewing"]
[Black "fictionist"]
[Result "1-0"]
[WhiteElo "2212"]
[BlackElo "2051"]

1. e4 c5 2. Nf3 d6 3. d4 cxd4 4. Nxd4 Nf6 5. Nc3 a6 6. Be3 e5 7. Nb3 Be7 8. f3
Be6 9. Qd2 d5 10. exd5 Nxd5 11. Nxd5 Qxd5 12. Qxd5 Bxd5 13. O-O-O Be6 14. Na5 b5
15. Bd3 O-O 16. Be4 1-0

[Event "Challenge"]
[Site "http://www.queenalice.com/game.php?id=469332"]
[Date "2008.9.27"]
[Round "-"]
[White "jraimundo"]
[Black "fictionist"]
[Result "1-0"]
[WhiteElo "2278"]
[BlackElo "1810"]

1. e4 c5 2. Nc3 e6 3. g3 Nc6 4. Bg2 Nge7 5. d3 g6 6. Be3 d6 7. Nge2 Bg7 8. O-O
O-O 9. Qd2 f5 10. d4 cxd4 11. Nxd4 Ne5 12. Qe2 a6 13. exf5 Nxf5 14. Nxf5 gxf5
15. Rad1 Qc7 16. f4 Ng4 17. Na4 Nxe3 18. Qxe3 Bd7 19. Nb6 Rae8 20. Nxd7 Qxd7 21.
Rfe1 Kh8 22. Qb3 b5 23. Qa3 1-0

[Event "Challenge"]
[Site "http://www.queenalice.com/game.php?id=469884"]
[Date "2008.9.28"]
[Round "-"]
[White "Cueball600"]
[Black "fictionist"]
[Result "1-0"]
[WhiteElo "2088"]
[BlackElo "1963"]

1. e4 c6 2. Nf3 d5 3. Nc3 Bg4 4. h3 Bh5 5. Be2 e6 6. d4 Bb4 7. exd5 cxd5 8. Bb5+
Nc6 9. Be3 Qa5 10. O-O Bxc3 11. Bxc6+ bxc6 12. bxc3 Qxc3 13. Qd2 Qxd2 14. Nxd2
Bg6 15. Rfc1 Ne7 16. Nf3 O-O 17. Bf4 Rfd8 18. Ne5 f6 19. Nxg6 Nxg6 20. Bc7 Rd7
21. Bg3 Kf7 22. Rab1 e5 23. dxe5 fxe5 24. Re1 Kf6 25. Rb3 e4 26. f3 Re8 27. h4
h5 28. Rbe3 Rde7 29. Rc3 Re6 30. fxe4 1-0

[Event "AUTO-ADV-954"]
[Site "http://www.queenalice.com/game.php?id=471883"]
[Date "2008.10.2"]
[Round "2"]
[White "gero79"]
[Black "fictionist"]
[Result "1-0"]
[WhiteElo "2210"]
[BlackElo "1806"]

1. e4 c6 2. Nf3 d5 3. e5 Bg4 4. d4 e6 5. Nbd2 Ne7 6. h3 Bh5 7. Nb3 Nd7 8. c3
Bxf3 9. Qxf3 Ng6 10. h4 Nxh4 11. Qg4 Ng6 12. Bd3 Qe7 13. Bxg6 fxg6 14. Rxh7 Rxh7
15. Qxg6+ Qf7 16. Qxh7 O-O-O 17. Bg5 1-0

[Event "AUTO-ADV-954"]
[Site "http://www.queenalice.com/game.php?id=471884"]
[Date "2008.10.2"]
[Round "2"]
[White "fictionist"]
[Black "gero79"]
[Result "0-1"]
[WhiteElo "1808"]
[BlackElo "2209"]

1. d4 d5 2. Nf3 c6 3. Bf4 Nf6 4. e3 Qb6 5. Qc1 Nbd7 6. Bd3 Nh5 7. O-O Nxf4 8.
exf4 c5 9. Nc3 cxd4 10. Nxd5 Qd6 11. c4 dxc3 12. Bc4 b5 13. Bb3 cxb2 14. Qxb2
Bb7 15. Rfd1 e6 16. Nf6+ Nxf6 17. Rxd6 Bxd6 0-1

[Event "AUTO-ADV-954"]
[Site "http://www.queenalice.com/game.php?id=471887"]
[Date "2008.10.2"]
[Round "2"]
[White "fictionist"]
[Black "Lesser"]
[Result "0-1"]
[WhiteElo "2047"]
[BlackElo "1858"]

1. e4 e5 2. Nf3 Nc6 3. Bb5 Nge7 4. O-O d6 5. d4 Bd7 6. Nc3 exd4 7. Nxd4 a6 8.
Bc4 Nxd4 9. Qxd4 Nc6 10. Qe3 Qe7 11. Nd5 Qd8 12. Rd1 Ne7 13. Nf4 b6 14. b4 b5
15. Bb3 Nc6 16. Bb2 f6 17. Bd5 Rb8 18. Bxc6 Bxc6 19. Ne6 Qe7 20. Qa7 Rc8 21.
Qxa6 Bd7 22. Nf4 c6 23. Qa3 g5 0-1

[Event "AUTO-ADV-954"]
[Site "http://www.queenalice.com/game.php?id=471888"]
[Date "2008.10.2"]
[Round "2"]
[White "Lesser"]
[Black "fictionist"]
[Result "1-0"]
[WhiteElo "1882"]
[BlackElo "2023"]

1. e4 c5 2. c4 g6 3. Nc3 Bg7 4. Nf3 d6 5. d3 Nc6 6. Be2 e5 7. Nd5 Nge7 8. O-O
Nxd5 9. exd5 Nd4 10. Nxd4 cxd4 11. f4 O-O 12. fxe5 dxe5 13. b3 e4 14. Bb2 e3 15.
Bg4 Qg5 16. Bxc8 Raxc8 17. Qf3 Qe5 18. Rae1 Rce8 19. Ba3 f5 20. Bxf8 Bxf8 21. g4
Bd6 22. Re2 Rf8 23. gxf5 Rxf5 24. Qg4 1-0

[Event "Let's Play Chess!"]
[Site "http://www.queenalice.com/game.php?id=472299"]
[Date "2008.10.5"]
[Round "-"]
[White "MalucoO"]
[Black "fictionist"]
[Result "1-0"]
[WhiteElo "2212"]
[BlackElo "1980"]

1. e4 Nf6 2. e5 Nd5 3. d4 d6 4. c4 Nb6 5. f4 g6 6. Nf3 Bg7 7. Nc3 O-O 8. Be2
dxe5 9. fxe5 Bg4 10. O-O c6 11. Be3 N8d7 12. b3 e6 13. Ne4 f6 14. exf6 Nxf6 15.
Nxf6+ Bxf6 16. Ne5 Bxe2 17. Qxe2 Bxe5 18. dxe5 Qc7 19. Bc5 Rxf1+ 20. Rxf1 1-0

[Event "Challenge"]
[Site "http://www.queenalice.com/game.php?id=473586"]
[Date "2008.10.6"]
[Round "-"]
[White "fernando1971"]
[Black "fictionist"]
[Result "1-0"]
[WhiteElo "2288"]
[BlackElo "1952"]

1. d4 Nf6 2. Nc3 e6 3. e4 d5 4. e5 Nfd7 5. Nf3 Bb4 6. Bg5 Be7 7. Bxe7 Qxe7 8.
Nb5 Qd8 9. c3 a6 10. Na3 O-O 11. Bd3 f5 12. Qd2 c5 13. Nc2 Nc6 14. O-O b5 15.
Rfc1 c4 16. Be2 h6 17. Qf4 Nb6 18. Rab1 1-0

[Event "Challenge"]
[Site "http://www.queenalice.com/game.php?id=473587"]
[Date "2008.10.6"]
[Round "-"]
[White "fictionist"]
[Black "darewing"]
[Result "0-1"]
[WhiteElo "1930"]
[BlackElo "2225"]

1. c4 f5 2. Nc3 Nf6 3. g3 g6 4. Bg2 Bg7 5. Nf3 O-O 6. O-O d6 7. d4 Qe8 8. Qb3
Kh8 9. Nb5 Na6 10. Be3 c6 11. Nc3 e5 12. dxe5 dxe5 13. Rfd1 Ng4 14. Bg5 h6 15.
Bc1 Nc5 16. Qc2 e4 17. Nd4 e3 0-1

[Event "AMISTOSO"]
[Site "http://www.queenalice.com/game.php?id=475152"]
[Date "2008.10.10"]
[Round "-"]
[White "fictionist"]
[Black "raszytko"]
[Result "0-1"]
[WhiteElo "2059"]
[BlackElo "2154"]

1. e4 e5 2. Nf3 Nf6 3. Nxe5 d6 4. Nf3 Nxe4 5. d4 d5 6. Bd3 Nc6 7. O-O Be7 8. c4
Nb4 9. Be2 O-O 10. Nc3 Bf5 11. a3 Nxc3 12. bxc3 Nc6 13. Bf4 dxc4 14. Bxc4 Bd6
15. Bxd6 cxd6 16. Bd3 Qf6 17. Qb1 Bxd3 18. Qxd3 b6 19. Rfe1 Rac8 20. Re4 Qf5 21.
Nh4 Qf6 22. g3 d5 23. Rf4 Qe6 24. Nf3 Na5 25. Rh4 Qg6 0-1

[Event "Let's Play Chess!"]
[Site "http://www.queenalice.com/game.php?id=476013"]
[Date "2008.10.12"]
[Round "-"]
[White "decimator"]
[Black "fictionist"]
[Result "1-0"]
[WhiteElo "2125"]
[BlackElo "1973"]

1. d4 Nf6 2. c4 e6 3. Nc3 Bb4 4. Bd2 O-O 5. Nf3 b6 6. e3 Bb7 7. Be2 d5 8. a3 Be7
9. O-O Nbd7 10. h3 c5 11. Rc1 Rc8 12. cxd5 exd5 13. Qc2 cxd4 14. Nxd4 Nc5 15.
Rfd1 Nce4 16. Nf5 Re8 17. Bb5 Nd7 18. Qb1 a6 19. Bd3 Ndc5 20. Bc2 1-0

[Event "Challenge"]
[Site "http://www.queenalice.com/game.php?id=476597"]
[Date "2008.10.12"]
[Round "-"]
[White "Ahlkhanvio"]
[Black "fictionist"]
[Result "1-0"]
[WhiteElo "2176"]
[BlackElo "1841"]

1. d4 Nf6 2. Bg5 e6 3. Nf3 d5 4. e3 Be7 5. Bd3 O-O 6. Nbd2 Nbd7 7. O-O c5 8. c3
b6 9. Ne5 Nxe5 10. dxe5 Nd7 11. Bxe7 Qxe7 12. f4 f5 13. exf6 1-0

[Event "Challenge"]
[Site "http://www.queenalice.com/game.php?id=476606"]
[Date "2008.10.12"]
[Round "-"]
[White "fictionist"]
[Black "Ahlkhanvio"]
[Result "0-1"]
[WhiteElo "1844"]
[BlackElo "2174"]

1. g3 e6 2. Bg2 f5 3. d4 Nf6 4. Nf3 d5 5. O-O c6 6. Bg5 Bd6 7. Nbd2 h6 8. Bxf6
Qxf6 9. c4 O-O 10. e3 Nd7 11. Rb1 b6 0-1

[Event "Challenge"]
[Site "http://www.queenalice.com/game.php?id=476610"]
[Date "2008.10.12"]
[Round "-"]
[White "fictionist"]
[Black "Ahlkhanvio"]
[Result "0-1"]
[WhiteElo "1847"]
[BlackElo "2172"]

1. g3 e6 2. Bg2 f5 3. e3 Nf6 4. b3 d5 5. Bb2 c6 6. Ne2 Bd6 7. O-O O-O 8. d3 Nbd7
9. Nd2 Qe7 10. c4 b6 11. Nd4 Bb7 12. N2f3 c5 0-1

[Event "Challenge"]
[Site "http://www.queenalice.com/game.php?id=480109"]
[Date "2008.10.20"]
[Round "-"]
[White "fictionist"]
[Black "isaacfieri"]
[Result "0-1"]
[WhiteElo "1906"]
[BlackElo "2090"]

1. e4 c6 2. d4 d5 3. Nc3 a6 4. Nf3 Bg4 5. Be2 Nf6 6. exd5 cxd5 7. O-O Nc6 8. Bg5
e6 9. Ne5 Bxe2 10. Nxe2 Rc8 0-1